Posledné mesiace života Jozefa Tisa 2. časť

Bibliographic Details
Main Author: Vnuk, František, 1926- (Author)
Format: Article
Language:Slovak
PhysicalDescription:Fotogr.
ISSN:1335-9959
Subjects:

MARC

LEADER 00000nab a2200000 ar4500
001 vtls008998794
003 SK-MaSNL
005 20260303065856.0
008 070516c2007 xo mr|p|||||||000 b|slo
015 |a SNBRB2007/06  |2 snkbucl 
038 |a SNKBUCL 
040 |a SNKBUCL  |b slo  |e AACR2  |c SNKBUCL 
041 0 |a slo 
044 |a xo  |c SK 
080 |a 94(437.6)-051  |2 2001 
080 |a 32-051  |2 2001 
080 |a 929 Tiso, Jozef  |2 2001 
100 1 |a Vnuk, František,  |d 1926-  |4 aut  |9 207426 
245 1 0 |a Posledné mesiace života Jozefa Tisa  |n 2. časť  |c František Vnuk 
300 |b Fotogr. 
500 |a Z prednášky na seminári o prezidentovi J. Tisovi v Evanjelizačnom dome Quo vadis v Bratislave, 18. apríla 2007 
600 1 7 |a Tiso, Jozef,  |d 1887-1947   |2 snkbucl  |9 109798 
773 0 |t Dimenzie  |g Roč. VII, č. 6 (2007), s. 36-39  |x 1335-9959 
852 |a SNK  |b KIS3GCP 
958 |a SK 
958 |a BX 
999 |c 1753101  |d 1755031